| 000 | 00444nam a2200157 i 4500 | ||
|---|---|---|---|
| 001 | 63113 | ||
| 003 | ES-MaACL | ||
| 005 | 20230906164805.0 | ||
| 007 | t| | ||
| 008 | 031128s1968 sp ||||1| spa d | ||
| 100 | 1 |
_aFerny, Peter. _950215 |
|
| 245 | 1 | 3 |
_aLa tragedia de los Kennedy / _cPeter Ferny ; [versión española, J.F.Y.]. |
| 260 |
_aBarcelona : _bEdisven, _c1968. |
||
| 300 |
_a239 p. ; _c18 cm. |
||
| 852 |
_aES-MaACL _jC-34870 _bR.67609 |
||
| 999 |
_c63113 _d63113 |
||